Účtovníctvo a výkazníctvo štátnej správy – konsolidovaná účtovná závierka
Pokračovanie príspevku z predchádzajúceho čísla. Zmeny vzťahujúce sa na konsolidovanú účtovnú závierku
Uložené v:
| Hlavný autor: | |
|---|---|
| Médium: | Kapitola |
| Jazyk: | Slovak |
| Predmet: | |
| Tagy: |
Žiadne tagy, Buďte prvý, kto otaguje tento záznam!
|
MARC
| LEADER | 00000naa a2200000 4500 | ||
|---|---|---|---|
| 001 | 0200758 | ||
| 005 | 20231204112417.9 | ||
| 041 | 0 | |a slo | |
| 044 | |a SK | ||
| 245 | 1 | 0 | |a Účtovníctvo a výkazníctvo štátnej správy – konsolidovaná účtovná závierka |c Miriam Majorová |
| 520 | |a Pokračovanie príspevku z predchádzajúceho čísla. Zmeny vzťahujúce sa na konsolidovanú účtovnú závierku | ||
| 610 | 2 | 0 | |a účtovníctvo |
| 610 | 2 | 0 | |a správa štátna |
| 610 | 2 | 0 | |a závierka účtovná konsolidovaná |
| 100 | 1 | |a Majorová, Miriam | |